00583nam a2200205Ia 4500003000400000005001700004008004100021020001500062040001800077041000800095082002100103100001800124245006400142250001200206260004900218300002900267650001900296650003200315650003000347OSt20260109090933.0210716s2003 xx 000 0 und d a8181471458 cAIMIT LIBRARY aeng a006.42 21bHEAS aHeath, Steve. aMultimedia and communications technology /cBy Steve Heath. a2nd ed. aNew Delhi :bElsevier India Pvt Ltd ,c2003. axvi,334p. ,bPBc24.5 cm aDigital audio. aDigital picture compression aDigital video compression